[Event "Sanxenxo Carlos op 10th"]
[Site "Sanxenxo"]
[Date "2018.06.16"]
[Round "1"]
[White "Argibay Fontan, Santiago"]
[Black "Martin Fuentes, Alberto"]
[Result "0-1"]
[WhiteElo "1773"]
[BlackElo "2404"]
[PlyCount "77"]
[EventDate "2018.06.16"]
[EventType "swiss"]
[EventRounds "9"]
[EventCountry "ESP"]
[SourceTitle "CBM 185 Extra"]
[Source "ChessBase"]
[SourceDate "2018.07.29"]
[SourceVersion "1"]
[SourceVersionDate "2018.07.29"]
[SourceQuality "1"]

1. Nf3 Nf6 2. g3 c5 3. Bg2 Nc6 4. 0-0 d6 5. d3 g6 6. e4 Bg7 7. c3 0-0 8. Re1 e5 9. h3 d5 10. Bg5 d4 11. c4 Be6 12. Kh2 Qb6 13. Bxf6 Bxf6 14. Qd2 Qb4 15. Na3 Qxd2 16. Nxd2 a6 17. Nc2 b5 18. b3 Rfb8 19. Rab1 Bg5 20. Nf3 Bd8 21. h4 f6 22. Bh3 Bf7 23. Bd7 Ne7 24. Bh3 Rb7 25. Red1 Rab8 26. Nfe1 Ba5 27. a3 bxc4 28. dxc4 Rxb3 29. Rxb3 Rxb3 30. Bf1 Rb2 31. Kg1 Nc8 32. Na1 Bxe1 33. Rxe1 Nd6 34. Kg2 Nxc4 35. Rc1 Ne3+ 36. Kg1 Nxf1 37. Kxf1 d3 38. Rxc5 Rb1+ 39. Kg2 0-1

[Event "Sanxenxo Carlos op 5th"]
[Site "Sanxenxo"]
[Date "2013.06.22"]
[Round "1"]
[White "Khamrakulov, Ibragim S"]
[Black "Argibay Fontan, Santiago"]
[Result "1-0"]
[WhiteElo "2484"]
[BlackElo "1780"]
[PlyCount "77"]
[EventDate "2013.06.22"]
[EventType "swiss"]
[EventRounds "9"]
[EventCountry "ESP"]
[SourceTitle "CBM 155 Extra"]
[Source "ChessBase"]
[SourceDate "2013.08.26"]
[SourceVersion "1"]
[SourceVersionDate "2013.08.26"]
[SourceQuality "1"]

1. e4 e5 2. Nf3 d6 3. Bc4 Bg4 4. c3 Bxf3 5. gxf3 c6 6. Qb3 Qc7 7. d4 g6 8. Be3 Nf6 9. Nd2 Nh5 10. dxe5 dxe5 11. a4 b6 12. f4 Nxf4 13. Bxf4 exf4 14. Nf3 Bg7 15. 0-0-0 0-0 16. Ng5 f3 17. Nxf7 Rxf7 18. Bxf7+ Qxf7 19. Rd8+ Bf8 20. Kc2 Kg7 21. Qxf7+ Kxf7 22. Rhd1 Be7 23. Rh8 Kg7 24. Rc8 a5 25. Rd3 Kf7 26. Rxf3+ Ke6 27. e5 b5 28. axb5 cxb5 29. Rd3 a4 30. Kb1 a3 31. bxa3 Rxa3 32. Rxb8 b4 33. Rb6+ Kf5 34. Rf3+ Ke4 35. Re3+ Kf4 36. cxb4 Rxe3 37. fxe3+ Kxe5 38. Rb7 Bg5 39. Rxh7 1-0